000 00616nam a2200181 i 4500
001 26683
003 ES-MaACL
005 20250830030621.0
007 t|
008 030110s1971 sp ||||1| spa d
111 2 _aAsamblea Conjunta de Obispos y Sacerdotes
_d(1971.
_cMadrid)
_98
245 1 0 _aDocumento resumen
_b: fase diocesana : 21-25 junio /
_cAsamblea Conjunta Obispos-Sacerdotes.
260 _aMurcia :
_bDiócesis de Cartagena,
_c1971.
300 _a64 p. ;
_c24 cm.
650 _aSacerdocio-
_vCongresos y asambleas.
_9158477
852 _aES-MaACL
_jC-41785
_bR.78575
999 _c26683
_d26683